NLSUI OPAC header image

Elected Women Representatives and Emerging Alternative Governance (Record no. 34370)

MARC details
000 -LEADER
fixed length control field 00475nam a2200157Ia 4500
008 - FIXED-LENGTH DATA ELEMENTS--GENERAL INFORMATION
fixed length control field 160316s9999 xxu||||| |||| 00| 0 eng d
082 ## - DEWEY DECIMAL CLASSIFICATION NUMBER
Classification number 333.750000
Item number PAL
100 ## - MAIN ENTRY--PERSONAL NAME
Personal name Palanithurai G
245 ## - TITLE STATEMENT
Title Elected Women Representatives and Emerging Alternative Governance
250 ## - EDITION STATEMENT
Edition statement
260 ## - PUBLICATION, DISTRIBUTION, ETC.
Place of publication, distribution, etc. Tamil Nadu
Name of publisher, distributor, etc. Rajiv Gandhi Chair for Panchayati Raj Studies
Date of publication, distribution, etc. 0
300 ## - PHYSICAL DESCRIPTION
Extent 38
Other physical details
Dimensions
365 ## - TRADE PRICE
Price amount
650 ## - SUBJECT ADDED ENTRY--TOPICAL TERM
Topical term or geographic name entry element 1. Women Representatives<br/>2. Alternative Governence
700 ## - ADDED ENTRY--PERSONAL NAME
Personal name
--
Holdings
Withdrawn status Lost status Damaged status Not for loan Home library Current library Shelving location Date acquired Total Checkouts Full call number Barcode Date last seen Price effective from Koha item type
        . .   30.05.2017   333.75 PAL REP11082 30.05.2017 30.05.2017 Repository